000 00523nam a2200181 i 4500
001 145529
003 ES-MaACL
005 20230906201242.0
007 t|
008 071015s1968 sp ||||1| cat d
100 1 _aVentalló, Joaquim.
_9113896
245 1 4 _aLes escoles populares ahir i avui /
_cJoaquim Ventalló.
250 _a[1ª ed.].
260 _aBarcelona :
_bNova Terra,
_c[1968]
300 _a126 p. :
_bil. ;
_c21 cm.
650 _aEnseñanza-
_zBarcelona.
_9171491
852 _aES-MaACL
_jC-29881
_bR.66009
999 _c145529
_d145529